Moja krajina | My Country : diptychy | diptychs 2000/2010 /

Saved in:
Bibliographic Details
Main Authors: Stacho, Ľubo (Author, Photographer), Beskid, Vladimír (Author), Geržová, Barbora (Author), Fišerová Lucia L. (Author), Moravčík, Karol (Author), Salner, Peter (Author)
Other Authors: Stacho, Monika 1977 (Editor)
Format: Book
Language:Slovak
English
Published: Bratislava : Kniha Zlín, 2011
Edition:1. vydanie
Subjects:
Tags: Add Tag
No Tags, Be the first to tag this record!

MARC

LEADER 00000nam a22000003a 4500
001 0071882
003 SK-STU
005 20200117111855.4
007 ta
008 190221s ----xo-----e------000-0-----d
020 |a 978-80-87497-43-2 
040 |a STU  |b slo 
041 0 |a slo  |a eng 
044 |a xo 
100 1 |a Stacho, Ľubo  |4 aut  |4 pht  |r Z5 
245 1 0 |a Moja krajina | My Country :  |b diptychy | diptychs 2000/2010 /  |c aut. Ľubo Stacho, Vladimír Beskid, Barbora Geržová, Fišerová Lucia L, Karol Moravčík, Peter Salner ; ed. Monika Stacho 
250 |a 1. vydanie 
260 |a Bratislava :  |b Kniha Zlín,  |c 2011 
300 |a 120 s. 
650 0 7 |a umelecká fotografia 
650 0 7 |a krajina 
650 0 7 |a architektúra 
650 0 7 |a ľudia 
650 0 7 |a Slovensko 
650 0 7 |a fotografi 
700 1 |a Stacho, Monika  |d 1977  |u 059190  |r Z1  |4 edt  |U FAD Fakulta architektúry  |T FA Ústav dizajnu  |X 87921  |U A9190  |Y 400  |7 A000087921 
700 1 |a Beskid, Vladimír  |4 aut 
700 1 |a Geržová, Barbora  |4 aut 
700 1 |a Fišerová Lucia L.  |r Z5  |4 aut 
700 1 |a Moravčík, Karol  |4 aut 
700 1 |a Salner, Peter  |4 aut 
996 |b 284AU07878  |c A* 11137/U  |l AAKNAR  |s A  |a 24  |w 0071882_0001